|
|
|
|
| LEADER |
01798nam a2200481 i 4500 |
| 001 |
000315951 |
| 003 |
CZ BrMZK |
| 005 |
20250827100503.0 |
| 007 |
ta |
| 008 |
980115s1998 xr e f 001 0 cze d |
| 015 |
|
|
|a cnb000362712
|
| 020 |
|
|
|a 80-7202-298-9
|q (vázáno)
|
| 035 |
|
|
|a (OCoLC)1143810346
|
| 040 |
|
|
|a ABA001
|b cze
|d BOA001
|e rda
|
| 041 |
1 |
|
|a cze
|h ger
|
| 072 |
|
7 |
|a 635
|x Zahrádkářství
|2 Konspekt
|9 24
|
| 080 |
|
|
|a 635.91
|2 MRF
|
| 080 |
|
|
|a 635.9.01/.04
|2 MRF
|
| 080 |
|
|
|a 745.9
|2 MRF
|
| 080 |
|
|
|a 745.93
|2 MRF
|
| 080 |
|
|
|a (035)
|2 MRF
|
| 100 |
1 |
|
|a Waechter, Dorothée
|7 xx0023598
|4 aut
|
| 240 |
1 |
0 |
|a Gestalten mit Zimmerpflanzen.
|l Česky
|
| 245 |
1 |
0 |
|a Kouzlo květin v interiéru :
|b atraktivní rostliny, krásné doplňky, malá aranžmá /
|c Dorothée Waechterová, Jürgen Stork ; z německého originálu Gestalten mit Zimmerpflanzen ... přeložil Ludvík Helebrant
|
| 250 |
|
|
|a Vydání první
|
| 264 |
|
1 |
|a Praha :
|b Ikar,
|c 1998
|
| 300 |
|
|
|a 160 stran :
|b barevné ilustrace ;
|c 27 cm
|
| 336 |
|
|
|a text
|b txt
|2 rdacontent
|
| 336 |
|
|
|a statický obraz
|b sti
|2 rdacontent
|
| 337 |
|
|
|a bez média
|b n
|2 rdamedia
|
| 338 |
|
|
|a svazek
|b nc
|2 rdacarrier
|
| 504 |
|
|
|a Obsahuje bibliografii a rejstřík
|
| 650 |
0 |
7 |
|a pokojové rostliny
|7 ph124218
|2 czenas
|
| 650 |
0 |
7 |
|a pěstování okrasných rostlin
|7 ph134962
|2 czenas
|
| 650 |
0 |
7 |
|a aranžování květin
|7 ph118568
|2 czenas
|
| 650 |
0 |
7 |
|a květinové dekorace
|7 ph925614
|2 czenas
|
| 655 |
|
7 |
|a příručky
|7 fd133209
|2 czenas
|
| 700 |
1 |
|
|a Stork, Jürgen
|7 jn20001005356
|4 pht
|
| 700 |
1 |
|
|a Helebrant, Ludvík,
|d 1932-2009
|7 jk01040639
|4 trl
|
| 910 |
|
|
|a BOA001
|b 3-1045.532
|
| 990 |
|
|
|a BK
|
| 991 |
|
|
|b 200706
|
| 996 |
6 |
|
|b 2611009502
|c 3-1045.532
|l MZK
|r Sklad / do 1 hodiny
|n 0
|p dar
|w 000315951
|u 000020
|a 1
|e BOA001
|j MZK50
|s P
|